| 000 | 00857nmc a2200325 a 4500 | ||
|---|---|---|---|
| 003 | AR-BaBNM | ||
| 005 | 20251128204511.0 | ||
| 008 | 265019s1989 ||||||||||||||000 | spa|| | ||
| 020 | _a84-206-2598-1 | ||
| 040 | _cAR-BaBNM | ||
| 100 | 1 | _aBowles, Samuel | |
| 245 | 1 | 0 | _aLa economía del despilfarro |
| 260 |
_aMadrid _bAlianza Editorial _c1989 |
||
| 300 | 0 |
_a374 p. _bgráfs. |
|
| 490 | 0 |
_aAlianza Universidad _vv. 598 |
|
| 650 | 4 | _aCRISIS ECONOMICA | |
| 650 | 4 | _aPOLITICA ECONOMICA | |
| 650 | 4 | _aCONSUMIDORES | |
| 650 | 4 | _aEMPRESAS | |
| 650 | 4 | _aPRODUCTIVIDAD | |
| 650 | 4 | _aOFERTA Y DEMANDA | |
| 651 | 4 | _aEstados Unidos | |
| 653 | 0 | _aECONOMIA POLITICA | |
| 700 | 1 | _aGordon, David M. | |
| 700 | 1 | _aWeisskopf, Thomas E. | |
| 700 | 1 |
_aRabasco, Esther _etraductor |
|
| 700 | 1 |
_aToharia, Luis _etraductor |
|
| 942 | _cBK | ||
| 998 | _cCarmen | ||
| 999 |
_c7667 _d7667 |
||